| 000 | 00716nam a2200205 a 4500 | ||
|---|---|---|---|
| 001 | 000042676 | ||
| 005 | 20201002040323.0 | ||
| 008 | 140204s1972 sp ab 001 0 spa d | ||
| 040 |
_aDO-SdBNP _bspa _cBNPHU |
||
| 041 | 1 | 7 |
_aspa _heng |
| 082 |
_axxx _bY94B |
||
| 245 | 0 | 0 |
_aBreve historia de Yugoslavia / _cHenry Cliford Darby ... [et al.] ; traducción de María Fernanda Pereda y Torres Quevedo. |
| 260 |
_aMadrid : _bEspasa-Calpe, _c1972. |
||
| 300 |
_a284 p. : _ail., map. ; _c18 cm. |
||
| 490 | 1 |
_aAustral _aamarilla _v1458 |
|
| 500 | _aA short history of Yugoslavia. | ||
| 700 | 1 | 2 |
_aDarby, H. C. Pereda _969970 |
| 700 | 1 | 2 |
_aTorres Quevedo, María Fernanda _etr. _969971 |
| 830 | 0 |
_aAustral _pamarilla _n1458 _969972 |
|
| 999 |
_c42165 _d42165 |
||